Colori sociali delle squadre di calcio italiane - Statistics

Statistiche generali
  • Questo quiz è stato fatto 140 volte
  • Il punteggio medio è 22 su 70
Statistiche sulle risposte
Hint Risposta % Corretto
Bologna Rosso - Blu
80%
Fiorentina Viola
74%
Milan Rosso - Nero
69%
Cesena Bianco - Nero
65%
Cremonese Grigio - Rosso
63%
Palermo Rosa - Nero
55%
Pescara Bianco - Azzurro
51%
Juventus Bianco - Nero
50%
Lecce Giallo - Rosso
50%
Roma Giallo - Rosso
50%
Inter Nero - Azzurro
50%
Hellas Verona Giallo - Blu
49%
ChievoVerona Giallo - Blu
47%
Sassuolo Nero - Verde
46%
Genoa Rosso - Blu
45%
Udinese Bianco - Nero
44%
Atalanta Nero - Azzurro
44%
Cagliari Rosso - Blu
44%
Ascoli Bianco - Nero
43%
Catanzaro Giallo - Rosso
42%
Sampdoria Blu - Bianco - Rosso - Nero
40%
Catania Rosso - Azzurro
40%
Lazio Bianco - Celeste
39%
Ternana Rosso - Verde
39%
Siena Bianco - Nero
38%
Benevento Giallo - Rosso
38%
Crotone Rosso - Blu
37%
Venezia Arancione - Nero - Verde
36%
Avellino Bianco - Verdi
36%
Torino Granata
35%
Pisa Nero - Azzurro
34%
Foggia Rosso - Nero
34%
Reggina Amaranto
31%
Napoli Azzurro
31%
Modena Giallo - Blu
31%
Messina Giallo - Rosso
30%
Varese Bianco - Rosso
28%
Vicenza Bianco - Rosso
28%
Rimini Bianco - Rosso
27%
Mantova Bianco - Rosso
27%
Carpi Bianco - Rosso
27%
Salernitana Granata
27%
Livorno Amaranto
25%
Latina Nero - Azzurro
24%
Arezzo Amaranto
23%
Padova Bianco - Rosso
23%
Bari Bianco - Rosso
23%
SPAL Bianco - Azzurro
21%
Novara Azzurro
20%
Brescia Bianco - Azzurro
19%
Ravenna Giallo - Rosso
19%
Spezia Bianco
18%
Perugia Bianco - Rosso
18%
Empoli Azzurro
17%
Piacenza Bianco - Rosso
17%
Taranto Rosso - Blu
17%
Como Blu
16%
Lecco Blu - Celeste
16%
Pistoiese Arancione
15%
Reggiana Granata
15%
Alessandria Grigio
14%
Lucchese Rosso - Nero
14%
Monza Rosso - Bianco
11%
Treviso Bianco - Celeste
10%
Parma Bianco - Nero - Giallo - Blu
10%
Ancona Bianco - Rosso
10%
Triestina Rosso
10%
Frosinone Giallo - Azzurro
9%
Prato Bianco - Azzurro
7%
Pro Vercelli Bianco
6%
Nessun quiz corrispondente trovato
Distribuzione punteggi
Percentuale di utenti per punteggio
Percentile per numero di risposta
I tuoi punteggi nel tempo
Non hai fatto questo quiz